000 00619nam a22002297a 4500
003 UA-OsUOA
001 91972
007 ta
008 20121207b un ||||| |||| 00| 0 ukr d
100 _aШкраб'юк П. В.
090 _a821.161.2
_bШ67
942 _cBK
040 _aUA-OsUOA
_bukr
_cUA-OsUOA
_dUA-OsUOA
245 _aСело з майбутнього
_bповість
300 _a141 с.
955 _a3
041 _aukr
080 _a821.161.2
260 _aЛьвів
_bКаменяр
_c1980
650 7 _a82 Література. Літературознавство
_2UDC
999 _c378235
_d378235